<?xml version="1.0" encoding="UTF-8"?>
<record
    xmlns:xsi="http://www.w3.org/2001/XMLSchema-instance"
    xsi:schemaLocation="http://www.loc.gov/MARC21/slim http://www.loc.gov/standards/marcxml/schema/MARC21slim.xsd"
    xmlns="http://www.loc.gov/MARC21/slim">

  <leader>01640nam a22002177a 4500</leader>
  <controlfield tag="005">20220506123040.0</controlfield>
  <controlfield tag="008">220506b           ||||| |||| 00| 0 eng d</controlfield>
  <datafield tag="020" ind1=" " ind2=" ">
    <subfield code="a">0297646982</subfield>
  </datafield>
  <datafield tag="040" ind1=" " ind2=" ">
    <subfield code="c">AL</subfield>
  </datafield>
  <datafield tag="041" ind1=" " ind2=" ">
    <subfield code="a">English</subfield>
  </datafield>
  <datafield tag="082" ind1=" " ind2=" ">
    <subfield code="2">23</subfield>
    <subfield code="a">611.01816</subfield>
    <subfield code="b">DAVS</subfield>
  </datafield>
  <datafield tag="100" ind1=" " ind2=" ">
    <subfield code="a">Kevin Davies</subfield>
    <subfield code="9">34575</subfield>
  </datafield>
  <datafield tag="245" ind1=" " ind2=" ">
    <subfield code="a">Sequence: Inside the Race for the Human Genome</subfield>
  </datafield>
  <datafield tag="260" ind1=" " ind2=" ">
    <subfield code="a">London</subfield>
    <subfield code="b">Weidenfeld and Nicolson</subfield>
    <subfield code="c">2001</subfield>
  </datafield>
  <datafield tag="300" ind1=" " ind2=" ">
    <subfield code="a">vi,310 p.</subfield>
    <subfield code="b">HB</subfield>
    <subfield code="c">24x16 cm.</subfield>
  </datafield>
  <datafield tag="521" ind1=" " ind2=" ">
    <subfield code="a">An account of what has been described as the single most important scientific breakthrough of modern times - the elucidation of mankind's complete genetic script. It is a story in which science, politics, business and society meet head on. At its heart is the race between the three billion Human Genome Project led by the brilliant geneticist Francis Collins and a renegade biotech company founded by scientist-entrepreneur J. Craig Venter. When the Human Genome Project, a 15-year joint project between the US and UK governments, was launched in 1990, it was inconceivable that anyone else would have the technology, the expertise or the financial resources to even enter the race, much less win it. In 1998 Venter announced that his company Celera would use high-powered sequencing machines to complete the sequence from scratch in three years. This book takes the reader into the labs and lives of the two men who making history. Regardless of who "wins" the race, this is a discovery that will revolutionize our lives.</subfield>
  </datafield>
  <datafield tag="650" ind1=" " ind2=" ">
    <subfield code="a">Human genome; Human gene mapping</subfield>
    <subfield code="9">34576</subfield>
  </datafield>
  <datafield tag="650" ind1=" " ind2=" ">
    <subfield code="a"> Human gene mapping</subfield>
    <subfield code="9">34577</subfield>
  </datafield>
  <datafield tag="700" ind1=" " ind2=" ">
    <subfield code="a">DAVIES (Kevin)</subfield>
    <subfield code="9">34578</subfield>
  </datafield>
  <datafield tag="942" ind1=" " ind2=" ">
    <subfield code="2">ddc</subfield>
    <subfield code="c">GF</subfield>
  </datafield>
  <datafield tag="999" ind1=" " ind2=" ">
    <subfield code="c">222812</subfield>
    <subfield code="d">222812</subfield>
  </datafield>
  <datafield tag="952" ind1=" " ind2=" ">
    <subfield code="0">0</subfield>
    <subfield code="1">0</subfield>
    <subfield code="2">ddc</subfield>
    <subfield code="4">0</subfield>
    <subfield code="7">0</subfield>
    <subfield code="8">BT</subfield>
    <subfield code="a">AL</subfield>
    <subfield code="b">AL</subfield>
    <subfield code="d">2013-03-24</subfield>
    <subfield code="l">0</subfield>
    <subfield code="o">611.01816 DAVS</subfield>
    <subfield code="p">GF03090</subfield>
    <subfield code="r">2022-05-06 00:00:00</subfield>
    <subfield code="w">2022-05-06</subfield>
    <subfield code="y">GF</subfield>
  </datafield>
</record>
